Taylor Swift - The Prophecy (Lyrics) - Statistics

General Stats
  • This quiz has been taken 85 times
  • The average score is 292 of 347
Answer Stats
Answer % Correct
a
100%
A
100%
I
100%
me
100%
my
100%
prophecy
100%
prophecy?
100%
the
100%
The
100%
Change
98%
change
98%
do
98%
it
98%
It
98%
knees
98%
on
98%
to
98%
To
98%
be
95%
Don't
95%
have
95%
in
95%
In
95%
I've
95%
Just
95%
just
95%
Please
95%
so
95%
someone
95%
who
95%
Who
95%
been
93%
company
93%
want
93%
when
93%
money
90%
wants
90%
an
88%
And
88%
and
88%
but
88%
But
88%
can
88%
if
88%
it's
88%
like
88%
once
88%
speak
88%
they
88%
Hand
85%
hand
85%
Let
85%
look
85%
of
85%
was
85%
at
83%
bitten
83%
Eve
83%
gone
83%
got
83%
Oh,
83%
oh
83%
said
83%
wouldn't
83%
would've
83%
About
80%
beg
80%
I'm
80%
last
80%
sky
80%
woman
80%
again
78%
bottle
78%
bottle,
78%
caught
78%
cursed
78%
greater
78%
redo
78%
Thought
78%
throttle
78%
lightning
75%
moon
75%
wolf
75%
hope
73%
howl
73%
looked
73%
No
73%
table
73%
get
70%
lost
70%
punishment?
70%
cool
68%
infant
68%
ink
68%
lesser
68%
pen
68%
stays
68%
written
68%
around
65%
drops
65%
has
65%
made
65%
they're
65%
very
65%
afraid
63%
Cards
63%
fate
63%
Gathered
63%
guess
63%
home
63%
out
63%
tell
63%
crumble
60%
even
60%
fable,
60%
him
60%
sealed
60%
sound
60%
statues
60%
unstable
60%
wait
60%
faith
58%
Feeling
58%
is
58%
okay
58%
quicksand
58%
round
58%
sinking
58%
coin
55%
dream
55%
Mine
55%
play
55%
will
55%
with
55%
fools
53%
It'll
53%
paperweight
53%
shades
53%
still
53%
from
50%
sign
50%
soulmates
50%
Spending
50%
coven
45%
Pad
45%
sorceress'
45%
Poison
43%
blood
40%
wound
40%
greige
38%
pricked
35%
Slow
33%
No matching quizzes found
Score Distribution
Percent of People with Each Score
Percentile by Number Answered
Your Score History
You have not taken this quiz